<?xml version="1.0" encoding="UTF-8"?><?xml-stylesheet type="text/xsl" href="static/style.xsl"?><OAI-PMH xmlns="http://www.openarchives.org/OAI/2.0/" xmlns:xsi="http://www.w3.org/2001/XMLSchema-instance" xsi:schemaLocation="http://www.openarchives.org/OAI/2.0/ http://www.openarchives.org/OAI/2.0/OAI-PMH.xsd"><responseDate>2026-04-14T05:44:55Z</responseDate><request verb="GetRecord" identifier="oai:www.recercat.cat:2117/422678" metadataPrefix="marc">https://recercat.cat/oai/request</request><GetRecord><record><header><identifier>oai:recercat.cat:2117/422678</identifier><datestamp>2026-01-21T02:43:14Z</datestamp><setSpec>com_2072_1033</setSpec><setSpec>col_2072_452949</setSpec></header><metadata><record xmlns="http://www.loc.gov/MARC21/slim" xmlns:dcterms="http://purl.org/dc/terms/" xmlns:xsi="http://www.w3.org/2001/XMLSchema-instance" xmlns:doc="http://www.lyncode.com/xoai" xsi:schemaLocation="http://www.loc.gov/MARC21/slim http://www.loc.gov/standards/marcxml/schema/MARC21slim.xsd">
   <leader>00925njm 22002777a 4500</leader>
   <datafield ind2=" " ind1=" " tag="042">
      <subfield code="a">dc</subfield>
   </datafield>
   <datafield ind2=" " ind1=" " tag="720">
      <subfield code="a">SÁTYRO MAIA, DORALICE</subfield>
      <subfield code="e">author</subfield>
   </datafield>
   <datafield ind2=" " ind1=" " tag="720">
      <subfield code="a">Dieb Martins, Paula</subfield>
      <subfield code="e">author</subfield>
   </datafield>
   <datafield ind2=" " ind1=" " tag="260">
      <subfield code="c">2024-12</subfield>
   </datafield>
   <datafield ind2=" " ind1=" " tag="520">
      <subfield code="a">This study aims to analyze the spatial and social dimensions of occupation around railway lines in non-metropolitan Brazilian realities from the city of Campina Grande, located in the northeast of Brazil. To this end, the following methodological procedures were used: bibliographic research; documentary research; field research; data systematization with the production of thematic cartograms; analysis of the morphological elements and social data that configure the studied spaces. It was observed that the area presents different morphological configurations and is predominantly occupied by low-income social groups, sometimes informally, configuring itself as a space full of social and infrastructural problems and poorly considered in urban planning.</subfield>
   </datafield>
   <datafield ind2=" " ind1=" " tag="520">
      <subfield code="a">Este estudio tiene como objetivo analizar las dimensiones espaciales y sociales de la ocupación alrededor de las líneas ferroviarias en las realidades brasileñas no metropolitanas a partir de la ciudad de Campina Grande, ubicada en el noreste de Brasil. Para ello se utilizaron los siguientes procedimientos metodológicos: investigación bibliográfica; investigación documental; investigación de campo; sistematización de datos con la producción de cartogramas temáticos; análisis de los elementos morfológicos y datos sociales que configuran los espacios estudiados. Se pudo observar que la área presenta diferentes configuraciones morfológicas y es predominantemente ocupada por grupos sociales de bajos ingresos, por veces de manera informal, configurándose como un espacio lleno de problemas sociales e infraestructurales y poco considerado en el planeamiento urbano.</subfield>
   </datafield>
   <datafield ind2=" " ind1=" " tag="520">
      <subfield code="a">Peer Reviewed</subfield>
   </datafield>
   <datafield tag="653" ind2=" " ind1=" ">
      <subfield code="a">Àrees temàtiques de la UPC::Urbanisme::Planejament urbà</subfield>
   </datafield>
   <datafield tag="653" ind2=" " ind1=" ">
      <subfield code="a">Àrees temàtiques de la UPC::Enginyeria civil::Infraestructures i modelització dels transports::Transport urbà</subfield>
   </datafield>
   <datafield tag="653" ind2=" " ind1=" ">
      <subfield code="a">Railroads -- Buildings and structures -- Brazil -- Campina Grande (Paraíba)</subfield>
   </datafield>
   <datafield tag="653" ind2=" " ind1=" ">
      <subfield code="a">Cities and towns -- Brazil -- Campina Grande (Paraíba) -- Social aspects</subfield>
   </datafield>
   <datafield tag="653" ind2=" " ind1=" ">
      <subfield code="a">Ferrocarril</subfield>
   </datafield>
   <datafield tag="653" ind2=" " ind1=" ">
      <subfield code="a">Morfología urbana</subfield>
   </datafield>
   <datafield tag="653" ind2=" " ind1=" ">
      <subfield code="a">Segregación socioespacial</subfield>
   </datafield>
   <datafield tag="653" ind2=" " ind1=" ">
      <subfield code="a">Brasil</subfield>
   </datafield>
   <datafield tag="653" ind2=" " ind1=" ">
      <subfield code="a">Railway</subfield>
   </datafield>
   <datafield tag="653" ind2=" " ind1=" ">
      <subfield code="a">Urban morphology</subfield>
   </datafield>
   <datafield tag="653" ind2=" " ind1=" ">
      <subfield code="a">Socio-spatial segregation</subfield>
   </datafield>
   <datafield tag="653" ind2=" " ind1=" ">
      <subfield code="a">Brazil</subfield>
   </datafield>
   <datafield tag="653" ind2=" " ind1=" ">
      <subfield code="a">Ferrocarrils -- Edificis i estructures -- Brasil -- Campina Grande (Paraíba)</subfield>
   </datafield>
   <datafield tag="653" ind2=" " ind1=" ">
      <subfield code="a">Desenvolupament urbà -- Brasil -- Campina Grande (Paraíba) -- Aspectes socials</subfield>
   </datafield>
   <datafield ind2="0" ind1="0" tag="245">
      <subfield code="a">Las dimensiones de la cicatriz urbana: el ferrocarril en la ciudad intermedia brasileña</subfield>
   </datafield>
   <datafield ind2="0" ind1="0" tag="245">
      <subfield code="a">The dimensions of the urban scar: the railway in the brazilian intermediate city</subfield>
   </datafield>
</record></metadata></record></GetRecord></OAI-PMH>